000 00824nam a2200253Ia 4500
003 OSt
005 20221005105440.0
006 a|||||r|||| 00| 0
007 ta
008 221004b |||||||| |||| 00| 0 hin d
024 _a79501
037 _cTextual
040 _aCRL
_cCRL
_bhin
041 _2hin
_ahin
082 _aV231:51y7K27, 152K1
100 _a्रगोयल, सीताराम
245 0 _aशक्तिपुत्र शिवाजी
246 _aShaktiputra shivājī
260 _aनई दिल्ली
_bभारत भारती भारत
_c1961
300 _a187पृ0
_ccm.
650 _aविश्व-इतिहास
942 _hV231:51y7K27, 152K1
_cTEXL
_2cc
999 _c1015853
_d1015853